Monsieur Madame - Loïc Nottet (Seconde Partie) - Statistiques

Statistiques générales
  • Ce quiz a été pris 142 fois
  • Le résultat moyen est 181 sur 200
Statistiques - réponses
Réponse % Correct
à
100%
A
100%
ce
99%
qu'un
99%
Dans
98%
de
98%
La
98%
le
98%
me
98%
pas
98%
qui
98%
un
98%
au
96%
Au
96%
Une
96%
une
96%
Alors
95%
ça
95%
Et
95%
et
95%
je
95%
mais
95%
Mais
95%
Mon
95%
mon
95%
sans
95%
te
95%
fond
94%
pour
94%
sur
94%
Car
93%
coeur
93%
elle
93%
Elle
93%
malheur
93%
moi
93%
n'est
93%
que
93%
trouver
93%
c'est
91%
chante
91%
dis
91%
est
91%
jour
91%
j'suis
91%
J'suis
91%
merci
91%
plus
91%
quand
91%
suis
91%
tout
91%
Tu
91%
ai
90%
besoin
90%
cette
90%
dure
90%
frapper
90%
génération
90%
goût
90%
grande
90%
J'ai
90%
j'te
90%
l'amour
90%
monde
90%
perdu
90%
personne
90%
rêve
90%
satisfaire
90%
sincère
90%
solitude
90%
ton
90%
vite
90%
ambition
89%
bonheur
89%
brisé
89%
d'une
89%
faire
89%
fois
89%
grâce
89%
j'espère
89%
jouera
89%
menteurs
89%
n'attends
89%
n'me
89%
n'sais
89%
ouvres
89%
pourrais
89%
qu'tu
89%
ris
89%
scène
89%
Tes
89%
toi
89%
vient
89%
vis
89%
vous
89%
assez
88%
coups
88%
débarque
88%
d'l'appeler
88%
d'tour
88%
il
88%
J'en
88%
leurre
88%
l'impression
88%
loin
88%
même
88%
non
88%
remplie
88%
retour
88%
sais-tu
88%
saveur
88%
sont
88%
vraiment
88%
amère
86%
comme
86%
danse
86%
donner
86%
encore
86%
entre
86%
es-tu
86%
fort
86%
fous
86%
j'écris
86%
malheureux
86%
oublies
86%
quatre
86%
sachez
86%
toujours
86%
d'être
85%
heures
85%
manque
84%
morveux
84%
bouffer
83%
d'blues
83%
Madame
83%
Monsieur
83%
pourtant
83%
là-bas
81%
lourd
81%
soulé
79%
d'cons
75%
d'm'aimer
75%
l'âme-soeur
75%
j'me
73%
plante
70%
j'l'avoue
69%
moins
43%
Aucun quiz correspondant
Distribution des résultats
% des personnes avec chaque résultat
Percentile par nombre de réponses
Votre historique - résultats
Vous n’avez pas pris ce quiz